00495nam a22001337a 4500003000900000005001700009008004100026040001300067100002000080245009700100260002700197300001800224520011900242IT-RoPau20220918175943.0130228b xxu||||| |||| 00| 0 eng d cIT-RoPau aTonni, Raffaele aLettera ai Fratelli della Provincia Italia, 21/02/1978bcon la Costituzione del Gruppo Libri aRomabPSSPc21/02/1978 aS.n.p.c30 cm aIndice Costituzione del Gruppo libri della Società San Paolo nella Provincia italiana Orientamenti del Governo